000 00543nam a2200193Ia 4500
001 12792
003 GE_BSU
008 181216s||||||||xx |||||||||||||| ||und||
040 _cGE_BSU
080 _a556.5(47)
245 _aОчерки по гидрографии рек СССР.
245 _cОтв.ред.М.И.Львович
260 _aМосква
260 _bИзд-во АНСССР
260 _c1953
300 _a324стр.илл.20см.
653 _aОчерки по гидрографии рек СССР
942 _cBK
999 _c45963
_d45963